Electric circuits

Gespeichert in:
Bibliographische Detailangaben
Hauptverfasser: Nahvi, Mahmood (VerfasserIn), Edminister, Joseph A (VerfasserIn)
Format: Buch
Sprache:Englisch
Veröffentlicht: Nueva York McGraw-Hill 2011
Ausgabe:5a. ed
Schriftenreihe:Schaum's Outlines
Schlagworte:
Tags: Tag hinzufügen
Keine Tags, Fügen Sie den ersten Tag hinzu!

MARC

LEADER 00000cam a2200000 a 4500
001 UCF2673
003 CL-VaPUC
008 120830e20110000US |||||||||||||||||eng|d
020 |a 9780071633727 
082 0 4 |a 621.3192  |b NAH  |2 21 
100 0 |a Nahvi, Mahmood  |e author  |9 564406 
700 0 |a Edminister, Joseph A  |e author  |9 564407 
245 1 0 |a Electric circuits 
250 |a 5a. ed 
300 |a 496 p 
942 |c BK 
945 |d 20120830 00:00:00  |a dcastane 
260 |a Nueva York  |b McGraw-Hill  |c 2011 
650 0 |a Amplificadores   |9 338119 
650 0 |a Análisis de Fourier  |9 260464 
650 0 |a Circuitos electrónicos  |9 260204 
650 0 |a Circuitos eléctricos   |9 260262 
583 |a last modification  |c 20120830 10:25:00  |k Rodrigo Vera 
490 0 |a Schaum's Outlines 
999 |c 349213  |d 349211 
952 |0 0  |1 0  |2 ddc  |4 0  |6 621_319200000000000_NAH_2011  |7 0  |8 A  |9 451717  |a BIBING  |b BIBING  |d 2019-11-22  |i 4898214  |o 621.3192 NAH 2011  |p 4898214  |r 2025-01-20  |w 2019-11-22  |y BK  |k EIE 
952 |0 0  |1 0  |2 ddc  |4 0  |6 621_319200000000000_NAH_2011  |7 0  |8 A  |9 451718  |a BIBING  |b BIBING  |d 2019-11-22  |i 4898222  |l 2  |o 621.3192 NAH 2011  |p 4898222  |r 2025-01-20  |s 2023-11-03  |w 2019-11-22  |y BK  |k EIE 
952 |0 0  |1 0  |2 ddc  |4 0  |6 621_319200000000000_NAH_2011  |7 0  |8 A  |9 451719  |a BIBING  |b BIBING  |d 2019-11-22  |i 4898540  |o 621.3192 NAH 2011  |p 4898540  |r 2025-01-20  |w 2019-11-22  |y BK  |k EIE